[Event "Tashkent UzChess Masters 2nd"]
[Site "Tashkent"]
[Date "2025.06.27"]
[Round "9"]
[White "Vokhidov, Shamsiddin"]
[Black "Nepomniachtchi, Ian"]
[Result "1-0"]
[WhiteElo "2644"]
[BlackElo "2757"]
[PlyCount "75"]
[EventDate "2025.06.18"]
[EventType "tourn"]
[EventRounds "9"]
[EventCountry "UZB"]
[EventCategory "19"]
[SourceTitle "CB27_2025"]
[SourceDate "2025.07.02"]
[SourceVersion "1"]
[SourceVersionDate "2025.07.02"]
[SourceQuality "1"]

1. e4 c5 2. Nf3 e6 3. d4 cxd4 4. Nxd4 Nf6 5. Nc3 Nc6 6. Nxc6 bxc6 7. e5 Nd5 8. Ne4 Qc7 9. f4 Rb8 10. Bd3 c5 11. c4 Nb4 12. 0-0 Nxd3 13. Qxd3 Bb7 14. Rf2 Qc6 15. Re2 d5 16. exd6 Rd8 17. Bd2 Bxd6 18. Qg3 0-0 19. Bc3 e5 20. fxe5 Be7 21. Nd6 g6 22. Nf5 Qe6 23. Nxe7+ Qxe7 24. e6 f6 25. Rf1 Bc8 26. Qh4 Bxe6 27. Bxf6 Qf7 28. Ref2 Rd7 29. b3 Qe8 30. Qg5 Rdf7 31. Qxc5 Qd7 32. Qg5 Qd3 33. h3 Bc8 34. h4 Bb7 35. h5 a5 36. Rf5 Rg7 37. Qh6 Rff7 38. R5f2 1-0

[Event "WchT Blitz Final"]
[Site "London"]
[Date "2025.06.15"]
[Round "1.2"]
[White "Jones, Gawain C B"]
[Black "Nepomniachtchi, Ian"]
[Result "1/2-1/2"]
[WhiteElo "2653"]
[BlackElo "2757"]
[PlyCount "111"]
[EventDate "2025.06.15"]
[EventType "team-k.o. (blitz)"]
[EventRounds "4"]
[EventCountry "ENG"]
[SourceTitle "CB25_2025"]
[SourceDate "2025.06.18"]
[SourceVersion "1"]
[SourceVersionDate "2025.06.18"]
[SourceQuality "1"]
[WhiteTeam "Malcolm's Mates"]
[BlackTeam "WR Chess"]
[WhiteTeamCountry "ENG"]
[BlackTeamCountry "GER"]

1. Nf3 Nf6 2. g3 d5 3. Bg2 e6 4. 0-0 Be7 5. c4 0-0 6. b3 c5 7. cxd5 Nxd5 8. Bb2 Nc6 9. d4 cxd4 10. Nxd4 Nxd4 11. Qxd4 Bf6 12. Qd2 Nf4 13. gxf4 Qxd2 14. Nxd2 Bxb2 15. Rad1 Rb8 16. Nc4 Bf6 17. Ne5 Rd8 18. Rxd8+ Bxd8 19. Rd1 Bf6 20. Nd7 Bxd7 21. Rxd7 g6 22. e3 a5 23. Bxb7 Rd8 24. Rxd8+ Bxd8 25. Kf1 Kf8 26. Ke2 Ke7 27. Kd3 Kd6 28. Kc4 Bh4 29. f3 Bf2 30. Kd4 f5 31. Ba6 h6 32. h3 g5 33. fxg5 hxg5 34. Kd3 e5 35. Ke2 Bg1 36. f4 exf4 37. exf4 g4 38. hxg4 fxg4 39. Bc8 g3 40. Kf3 Bf2 41. Bf5 Ke7 42. Bd3 Kf6 43. Bf1 Be1 44. a3 Ke6 45. Bc4+ Kf6 46. Bd5 Kf5 47. Be4+ Kf6 48. Ke2 Bc3 49. Kd3 Be1 50. Kc4 Bd2 51. Kb5 g2 52. Bxg2 Kf5 53. Bd5 Kxf4 54. b4 Bxb4 55. axb4 axb4 56. Kxb4 1/2-1/2

[Event "Karpov Cup 50 Years"]
[Site "Moscow"]
[Date "2025.05.23"]
[Round "8"]
[White "Matlakov, Maxim"]
[Black "Nepomniachtchi, Ian"]
[Result "1/2-1/2"]
[WhiteElo "2626"]
[BlackElo "2757"]
[PlyCount "27"]
[EventDate "2025.05.21"]
[EventType "tourn (rapid)"]
[EventRounds "9"]
[EventCountry "RUS"]
[EventCategory "18"]
[SourceTitle "CB22_2025"]
[SourceDate "2025.05.28"]
[SourceVersion "1"]
[SourceVersionDate "2025.05.28"]
[SourceQuality "1"]

1. e4 e5 2. Nf3 Nf6 3. Nc3 Nc6 4. Bc4 Nxe4 5. Nxe4 d5 6. Bd3 dxe4 7. Bxe4 Bd6 8. d4 Nxd4 9. Nxd4 exd4 10. Qxd4 0-0 11. Bd2 Be7 12. Qe3 Bf6 13. 0-0-0 Qe7 14. Rhe1 1/2-1/2

[Event "Karpov Cup 50 Years"]
[Site "Moscow"]
[Date "2025.05.23"]
[Round "9"]
[White "Nepomniachtchi, Ian"]
[Black "Grischuk, Alexander"]
[Result "1/2-1/2"]
[WhiteElo "2757"]
[BlackElo "2682"]
[PlyCount "26"]
[EventDate "2025.05.21"]
[EventType "tourn (rapid)"]
[EventRounds "9"]
[EventCountry "RUS"]
[EventCategory "18"]
[SourceTitle "CB22_2025"]
[SourceDate "2025.05.28"]
[SourceVersion "1"]
[SourceVersionDate "2025.05.28"]
[SourceQuality "1"]

1. e4 e5 2. Nf3 Nc6 3. Nc3 Nf6 4. d4 exd4 5. Nxd4 Bc5 6. Nxc6 bxc6 7. Bd3 d6 8. h3 Nd7 9. 0-0 0-0 10. Na4 Bb6 11. c3 Qh4 12. Bc2 Re8 13. Qg4 Qxg4 1/2-1/2

[Event "Chess.com Classic Winners"]
[Site "Chess.com INT"]
[Date "2025.05.20"]
[Round "1.2"]
[White "Erigaisi, Arjun Kumar"]
[Black "Nepomniachtchi, Ian"]
[Result "0-1"]
[WhiteElo "2782"]
[BlackElo "2757"]
[PlyCount "84"]
[EventDate "2025.05.20"]
[EventType "k.o. (blitz)"]
[EventRounds "5"]
[EventCountry "USA"]
[SourceTitle "CB21_2025"]
[SourceDate "2025.05.21"]
[SourceVersion "1"]
[SourceVersionDate "2025.05.21"]
[SourceQuality "1"]

1. d4 Nf6 2. c4 e6 3. Nc3 Bb4 4. Qc2 c5 5. dxc5 0-0 6. a3 Bxc5 7. Nf3 Nc6 8. e3 d5 9. b4 Be7 10. Bb2 dxc4 11. Bxc4 b6 12. Rd1 Qc7 13. Nb5 Qb8 14. Bd3 Bb7 15. Bxf6 gxf6 16. Bxh7+ Kg7 17. Be4 Rc8 18. Qb1 a5 19. 0-0 axb4 20. axb4 Ra4 21. Nbd4 Rxb4 22. Qd3 Nxd4 23. Nxd4 f5 24. Bxf5 exf5 25. Nxf5+ Kf8 26. Nxe7 Kxe7 27. Qf5 Qc7 28. Qg5+ f6 29. Qh6 Rg4 30. f3 Rg5 31. Rf2 Rcg8 32. Qh7+ R8g7 33. Qh4 Kf7 34. Rfd2 Kg6 35. Qf2 Kh7 36. Qh4+ Kg6 37. Qf2 Kh6 38. Qh4+ Rh5 39. Qxf6+ Kh7 40. f4 Qc5 41. Re1 Qb4 42. Qb2 Rxg2+ 0-1

[Event "Titled Tuesday intern op 06th May Early"]
[Site "Chess.com INT"]
[Date "2025.05.06"]
[Round "1"]
[White "Nepomniachtchi, Ian"]
[Black "Khumalo, Keith"]
[Result "1-0"]
[WhiteElo "2757"]
[BlackElo "2142"]
[PlyCount "67"]
[EventDate "2025.05.06"]
[EventType "swiss (blitz)"]
[EventRounds "11"]
[EventCountry "USA"]
[SourceTitle "CB20_2025"]
[SourceDate "2025.05.14"]
[SourceVersion "1"]
[SourceVersionDate "2025.05.14"]
[SourceQuality "1"]

1. e4 c5 2. Nf3 Nc6 3. Bb5 g6 4. 0-0 Bg7 5. Re1 Nf6 6. Bxc6 dxc6 7. h3 0-0 8. d3 Nd7 9. e5 e6 10. Nc3 Qc7 11. Qe2 b6 12. Bg5 Re8 13. Qe3 a5 14. Ne4 Nxe5 15. Nf6+ Bxf6 16. Bxf6 Nd7 17. Bc3 f6 18. g4 Qd6 19. g5 e5 20. gxf6 Qxf6 21. Nxe5 Nxe5 22. Bxe5 Qf7 23. Qh6 Be6 24. Re3 Bd5 25. Rae1 Qf8 26. Qh4 Qf5 27. c4 Be6 28. Bc3 Bd7 29. Re7 Rxe7 30. Rxe7 g5 31. Rg7+ Kf8 32. Qh6 Ke8 33. Rg8+ Ke7 34. Rxa8 1-0

[Event "Titled Tuesday intern op 06th May Early"]
[Site "Chess.com INT"]
[Date "2025.05.06"]
[Round "8"]
[White "Nepomniachtchi, Ian"]
[Black "Shimanov, Aleksandr"]
[Result "0-1"]
[WhiteElo "2757"]
[BlackElo "2578"]
[PlyCount "176"]
[EventDate "2025.05.06"]
[EventType "swiss (blitz)"]
[EventRounds "11"]
[EventCountry "USA"]
[SourceTitle "CB20_2025"]
[SourceDate "2025.05.14"]
[SourceVersion "1"]
[SourceVersionDate "2025.05.14"]
[SourceQuality "1"]

1. e4 d5 2. exd5 Qxd5 3. Nc3 Qe5+ 4. Be2 Bg4 5. d4 Bxe2 6. Ncxe2 Qa5+ 7. c3 Nf6 8. Nf3 e6 9. 0-0 Bd6 10. c4 c6 11. Qb3 Qc7 12. h3 0-0 13. c5 Be7 14. Bf4 Qc8 15. Nc3 Nbd7 16. Qc4 Nd5 17. Nxd5 exd5 18. Qd3 Re8 19. Rae1 Nf8 20. Re3 Ne6 21. Be5 b6 22. b4 a5 23. a3 axb4 24. axb4 b5 25. Rfe1 Bf8 26. Bd6 Bxd6 27. cxd6 Qd8 28. Ne5 Qxd6 29. Nxf7 Kxf7 30. Qxh7 Qxb4 31. Rf3+ Ke7 32. Qxg7+ Kd6 33. Qg3+ Kd7 34. Rfe3 Qd6 35. Qg4 b4 36. h4 Rab8 37. Qh3 b3 38. Rxb3 Rxb3 39. Qxb3 Rg8 40. g3 Rf8 41. Qb7+ Nc7 42. Qb1 Qf6 43. Qb2 Nb5 44. Re5 Qf3 45. Rg5 Qd1+ 46. Kg2 Qxd4 47. Qe2 Qe4+ 48. Qxe4 dxe4 49. Re5 Nc3 50. h5 Kd6 51. Rg5 Nd1 52. h6 Rxf2+ 53. Kh3 Rf1 54. Rh5 Ne3 55. Kh2 Rf8 56. h7 Rh8 57. Kh3 c5 58. g4 c4 59. Kg3 Nd5 60. g5 Ne7 61. g6 Nxg6 62. Rh6 Kd5 63. Rxg6 Rxh7 64. Kf4 Rf7+ 65. Ke3 Rf3+ 66. Kd2 c3+ 67. Kc2 Kd4 68. Rd6+ Kc4 69. Rc6+ Kd4 70. Rd6+ Ke3 71. Kxc3 Kf2+ 72. Kc2 e3 73. Re6 Rf7 74. Kd3 Rd7+ 75. Kc2 e2 76. Rf6+ Ke1 77. Rh6 Rd5 78. Rf6 Rd4 79. Rf8 Rd2+ 80. Kc1 Rd7 81. Kc2 Rc7+ 82. Kb2 Rc5 83. Rf7 Kd2 84. Rd7+ Ke3 85. Re7+ Kd3 86. Re8 Rc4 87. Rd8+ Ke3 88. Re8+ Re4 0-1

[Event "Titled Tuesday intern op 01st Apr Early"]
[Site "Chess.com INT"]
[Date "2025.04.01"]
[Round "2"]
[White "Nepomniachtchi, Ian"]
[Black "Tanriverdi, Enes"]
[Result "1-0"]
[WhiteElo "2753"]
[BlackElo "2388"]
[PlyCount "83"]
[EventDate "2025.04.01"]
[EventType "swiss (blitz)"]
[EventRounds "11"]
[EventCountry "USA"]
[SourceTitle "CB15_2025"]
[SourceDate "2025.04.09"]
[SourceVersion "1"]
[SourceVersionDate "2025.04.09"]
[SourceQuality "1"]

1. e4 c5 2. Nf3 d6 3. d4 cxd4 4. Nxd4 Nf6 5. Nc3 a6 6. Be2 e5 7. Nb3 Be7 8. 0-0 0-0 9. Qd3 Be6 10. Rd1 Nbd7 11. Nd5 Bxd5 12. exd5 Re8 13. Bd2 a5 14. a4 b6 15. Be3 Nc5 16. Nxc5 bxc5 17. c3 Nd7 18. Qd2 h6 19. Bb5 Rf8 20. b4 cxb4 21. cxb4 axb4 22. Qxb4 Nc5 23. a5 Qc7 24. a6 Rfb8 25. Qc4 Rb6 26. Bxc5 dxc5 27. Bc6 Ra7 28. g3 g6 29. Bb7 Bd6 30. Rdb1 Kg7 31. Qa4 h5 32. Rxb6 Qxb6 33. Qc6 Qb2 34. Rf1 Bf8 35. d6 Qd4 36. d7 Be7 37. Qb6 c4 38. Qxd4 exd4 39. Re1 Bd8 40. Re8 d3 41. Rxd8 d2 42. Rg8+ 1-0

[Event "Titled Tuesday intern op 01st Apr Early"]
[Site "Chess.com INT"]
[Date "2025.04.01"]
[Round "5"]
[White "Nepomniachtchi, Ian"]
[Black "Urazayev, Arystanbek"]
[Result "0-1"]
[WhiteElo "2753"]
[BlackElo "2467"]
[PlyCount "120"]
[EventDate "2025.04.01"]
[EventType "swiss (blitz)"]
[EventRounds "11"]
[EventCountry "USA"]
[SourceTitle "CB15_2025"]
[SourceDate "2025.04.09"]
[SourceVersion "1"]
[SourceVersionDate "2025.04.09"]
[SourceQuality "1"]

1. e4 c5 2. Nf3 e6 3. d4 cxd4 4. Nxd4 Nc6 5. Nc3 Nf6 6. Nxc6 bxc6 7. e5 Nd5 8. Ne4 Bb7 9. c4 Nb4 10. a3 Qa5 11. Nc3 Qxe5+ 12. Be2 Na6 13. 0-0 Be7 14. Re1 Qc7 15. Bd3 Nc5 16. b4 Nxd3 17. Qxd3 c5 18. Nb5 Qc6 19. Qg3 0-0 20. Bh6 Qxg2+ 21. Qxg2 Bxg2 22. Kxg2 gxh6 23. Red1 cxb4 24. Rxd7 Bc5 25. axb4 Bxb4 26. Raxa7 Rxa7 27. Nxa7 Bc5 28. Nc6 Ra8 29. Ne5 Ra7 30. Rxa7 Bxa7 31. Nd7 f5 32. c5 Kf7 33. Ne5+ Ke8 34. c6 Bb8 35. Nd7 Bc7 36. h3 Ke7 37. Kf3 Kd6 38. Nf6 Kxc6 39. Ng8 Kd5 40. Nxh6 Ke5 41. Ng8 Bd6 42. Kg3 Bf8 43. f4+ Kd4 44. Nf6 Bd6 45. Kf3 h6 46. Ne8 Bb8 47. Ng7 Kd5 48. Nh5 Kd6 49. Ng3 Ke7 50. Ne2 Kf6 51. Nd4 Bxf4 52. Nc6 Be5 53. Nb4 Bc3 54. Na2 Bd4 55. Nb4 Bc5 56. Nd3 Bd6 57. Nf2 e5 58. Ke2 e4 59. Kf1 Bc5 60. Nd1 Bd4 0-1

[Event "Titled Tuesday intern op 11th Mar Late"]
[Site "Chess.com INT"]
[Date "2025.03.11"]
[Round "11"]
[White "Nepomniachtchi, Ian"]
[Black "Moroni, Luca Jr"]
[Result "1-0"]
[WhiteElo "2753"]
[BlackElo "2555"]
[PlyCount "121"]
[EventDate "2025.03.11"]
[EventType "swiss (blitz)"]
[EventRounds "11"]
[EventCountry "USA"]
[SourceTitle "CB12_2025"]
[SourceDate "2025.03.19"]
[SourceVersion "1"]
[SourceVersionDate "2025.03.19"]
[SourceQuality "1"]

1. f4 d5 2. Nf3 g6 3. g3 Bg7 4. Bg2 c6 5. Nc3 Nh6 6. 0-0 Nf5 7. e4 dxe4 8. Nxe4 0-0 9. c3 Nd7 10. d4 Nf6 11. Nc5 b6 12. Nd3 Bb7 13. Nfe5 Qc7 14. Qf3 Rac8 15. Bd2 Ba8 16. Qf2 c5 17. Bxa8 Rxa8 18. dxc5 Ne4 19. Qe2 Nxd2 20. Qxd2 bxc5 21. Rae1 c4 22. Nf2 Rab8 23. Re4 Nd6 24. Rd4 Rb5 25. Re1 Rfb8 26. Nd1 h5 27. Qe2 a5 28. a4 Rc5 29. Nf2 Nf5 30. Rd2 Rd8 31. Rxd8+ Qxd8 32. Nxc4 Qd7 33. Ne4 Rc7 34. b3 Bxc3 35. Rd1 Bd4+ 36. Kg2 Qd5 37. Qf3 Kg7 38. Rd3 Rb7 39. Ned2 Qxf3+ 40. Nxf3 Bb6 41. Nfe5 f6 42. Nc6 e6 43. N6xa5 Bxa5 44. Nxa5 Rb4 45. Nc4 e5 46. fxe5 fxe5 47. Nxe5 h4 48. Nc4 hxg3 49. hxg3 Kf6 50. a5 Rb7 51. g4 Ne7 52. a6 Ra7 53. Rd6+ Kg5 54. b4 Kxg4 55. b5 Nf5 56. Rxg6+ Kf4 57. Kf2 Rc7 58. Rc6 Rh7 59. Ke1 Rh2 60. a7 Ra2 61. Ra6 1-0

[Event "Titled Tuesday intern op 11th Mar Late"]
[Site "Chess.com INT"]
[Date "2025.03.11"]
[Round "8"]
[White "Zhigalko, Sergei"]
[Black "Nepomniachtchi, Ian"]
[Result "0-1"]
[WhiteElo "2572"]
[BlackElo "2753"]
[PlyCount "84"]
[EventDate "2025.03.11"]
[EventType "swiss (blitz)"]
[EventRounds "11"]
[EventCountry "USA"]
[SourceTitle "CB12_2025"]
[SourceDate "2025.03.19"]
[SourceVersion "1"]
[SourceVersionDate "2025.03.19"]
[SourceQuality "1"]

1. e4 b6 2. d4 Bb7 3. Bd3 f5 4. Nc3 Nf6 5. Qe2 fxe4 6. Nxe4 e6 7. Nf3 Be7 8. 0-0 0-0 9. Re1 Qe8 10. c3 Nc6 11. Bg5 Nd5 12. g3 h6 13. Bd2 Qh5 14. Ne5 Qxe2 15. Rxe2 Nxe5 16. dxe5 Rf3 17. Bb5 Rd8 18. Rd1 a6 19. Ba4 b5 20. Bc2 Rdf8 21. Be1 R3f5 22. Nd2 Rg5 23. Kf1 Nf4 24. Be4 Bxe4 25. Nxe4 Nxe2 26. Nxg5 Nxg3+ 27. hxg3 Bxg5 28. Rxd7 Rf7 29. Rd3 Kf8 30. Kg2 Ke8 31. f4 Bd8 32. Bd2 Rd7 33. Rxd7 Kxd7 34. Kf3 Kc6 35. Ke4 g6 36. b3 h5 37. Be3 Be7 38. Bd4 Ba3 39. Be3 a5 40. Bd4 Bb2 41. Kd3 Bc1 42. Ke4 Bd2 0-1